[Event "Voronezh op-B 15th"]
[Site "Voronezh"]
[Date "2011.06.16"]
[Round "5"]
[White "Lugovskoy, Maxim"]
[Black "Kapustin, Alexandr"]
[Result "1/2-1/2"]
[WhiteElo "2198"]
[BlackElo "2228"]
[PlyCount "82"]
[EventDate "2011.06.12"]
[EventType "swiss"]
[EventRounds "9"]
[EventCountry "RUS"]
[SourceTitle "CBM 143 Extra"]
[Source "ChessBase"]
[SourceDate "2011.08.29"]
[SourceVersion "1"]
[SourceVersionDate "2011.08.29"]
[SourceQuality "1"]

1. e4 g6 2. d4 Bg7 3. Nf3 d6 4. Be2 Nf6 5. Nc3 0-0 6. 0-0 c6 7. a4 Nbd7 8. a5 e5 9. dxe5 dxe5 10. Qd6 Re8 11. Be3 Re6 12. Qd2 Qc7 13. Rfd1 Re8 14. Bc4 Ng4 15. Bg5 h6 16. Bh4 Ngf6 17. Ne1 g5 18. Bg3 Nc5 19. f3 Be6 20. Bxe6 Nxe6 21. Nd3 Nh5 22. Bf2 Red8 23. Ne2 Nhf4 24. Nexf4 Nxf4 25. Qe3 Ne6 26. c3 Bf8 27. b4 Rd7 28. Nb2 c5 29. Rxd7 Qxd7 30. Nd3 cxb4 31. cxb4 f6 32. Rd1 Nd4 33. Qd2 Rd8 34. Qa2+ Kg7 35. Bxd4 Qxd4+ 36. Nf2 Qxb4 37. Rb1 Bc5 38. Kf1 Rd2 39. Rxb4 Rxa2 40. Rxb7+ Kg6 41. Nd3 Bd4 1/2-1/2

[Event "Voronezh op-B 15th"]
[Site "Voronezh"]
[Date "2011.06.14"]
[Round "3"]
[White "Soboleva, Anastasia"]
[Black "Kapustin, Alexandr"]
[Result "0-1"]
[WhiteElo "1786"]
[BlackElo "2228"]
[PlyCount "54"]
[EventDate "2011.06.12"]
[EventType "swiss"]
[EventRounds "9"]
[EventCountry "RUS"]
[SourceTitle "CBM 143 Extra"]
[Source "ChessBase"]
[SourceDate "2011.08.29"]
[SourceVersion "1"]
[SourceVersionDate "2011.08.29"]
[SourceQuality "1"]

1. e4 c5 2. Nf3 d6 3. Bb5+ Bd7 4. Bxd7+ Qxd7 5. c4 Nc6 6. d4 cxd4 7. Nxd4 Nf6 8. Nc3 g6 9. Be3 Bg7 10. 0-0 0-0 11. f3 a6 12. a4 e6 13. b3 Rfd8 14. Nde2 Qc7 15. Qd2 Na5 16. Rab1 Rac8 17. Rfc1 Nc6 18. Nb5 Qe7 19. Nbd4 Ne5 20. Rd1 d5 21. Bf4 Nh5 22. exd5 exd5 23. cxd5 Rxd5 24. Kh1 Nxf4 25. Nxf4 Rd7 26. Qa5 Rcd8 27. Nfe2 Nc6 0-1